Bases documentales del carlismo y de las guerras civiles de los siglos XIX y XX / (Record no. 44483)

MARC details
000 -LEADER
campo de control de longitud fija 00931nam a2200253 i 4500
001 - NÚMERO DE CONTROL
campo de control 44483
003 - IDENTIFICADOR DE NÚMERO DE CONTROL
campo de control ES-MaACL
005 - FECHA Y HORA DE LA ÚLTIMA TRANSACCIÓN
campo de control 20230906161036.0
007 - CAMPO FIJO DE DESCRIPCIÓN FÍSICA--INFORMACIÓN GENERAL
campo de control de longitud fija t|
008 - DATOS DE LONGITUD FIJA--INFORMACIÓN GENERAL
campo de control de longitud fija 030321s1985 sp ||||1| spa d
020 ## - NÚMERO INTERNACIONAL ESTÁNDAR DEL LIBRO
Número Internacional Estándar del Libro 84-505-2174-2 (O.C.)
100 1# - ENTRADA PRINCIPAL--NOMBRE DE PERSONA
Nombre de persona Clemente, Josep Carles.
9 (RLIN) 39196
245 10 - MENCIÓN DEL TÍTULO
Título Bases documentales del carlismo y de las guerras civiles de los siglos XIX y XX /
Mención de responsabilidad, etc. José Carlos Clemente.
260 ## - PUBLICACIÓN, DISTRIBUCIÓN, ETC.
Lugar de publicación, distribución, etc. Madrid :
Nombre del editor, distribuidor, etc. Servicio Histórico Militar,
Fecha de publicación, distribución, etc. 1985.
300 ## - DESCRIPCIÓN FÍSICA
Extensión 2 v. ;
Dimensiones 24 cm.
500 ## - NOTA GENERAL
Nota general Indice.
504 ## - NOTA DE BIBLIOGRAFÍA, ETC.
Nota de bibliografía, etc. Bibliografía.
505 8# - NOTA DE CONTENIDO CON FORMATO
Nota de contenido con formato Contiene: T. I: Desde los orígenes hasta Carlos V. -- T. II: Desde Carlos IV hasta Carlos VII
650 04 - PUNTO DE ACCESO ADICIONAL DE MATERIA--TÉRMINO DE MATERIA
Término de materia o nombre geográfico como elemento de entrada Carlismo-
Subdivisión general Historia.
9 (RLIN) 10782
651 #4 - PUNTO DE ACCESO ADICIONAL DE MATERIA--NOMBRE GEOGRÁFICO
Nombre geográfico España-
Subdivisión general Historia-
Subdivisión cronológica S.XIX-
Subdivisión de forma Fuentes.
9 (RLIN) 8355
651 #4 - PUNTO DE ACCESO ADICIONAL DE MATERIA--NOMBRE GEOGRÁFICO
Nombre geográfico España-
Subdivisión general Historia-
Subdivisión cronológica S.XX-
Subdivisión de forma Fuentes.
9 (RLIN) 8364
710 1# - ENTRADA AGREGADA--NOMBRE DE ENTIDAD CORPORATIVA
Nombre de entidad corporativa o nombre de jurisdicción como elemento de entrada España.
Unidad subordinada Servicio Histórico Militar.
9 (RLIN) 3980
852 ## - LOCALIZACIÓN
Ubicación ES-MaACL
Número de control de estantería L-9221-2
Sublocalización o colección R.111217
Holdings
Estatus retirado Estado de pérdida Estado de daño No para préstamo Biblioteca de origen Biblioteca actual Ubicación en estantería Fecha de adquisición Fuente de adquisición Total de préstamos Signatura topográfica completa Código de barras Visto por última vez Precio de reemplazo Tipo de ítem Koha
        Biblioteca del Ateneo de Madrid Biblioteca del Ateneo de Madrid Depósito 2 17/01/2008     L-9221-2 1046817 23/02/2023 23/02/2023 Libro impreso